000 00409nam a2200145Ia 4500
005 20250123061733.0
008 240331s9999 xx 000 0 und d
082 _bJAY
_a920
100 _aJayawardena,K
245 0 _aDoreen Wickremasinghe :
_bA western radical in Sri Lanka
260 _aColombo
_bWomen;s Education & Research Centre
_c1991
300 _a43 p .,
500 _aDetails About Doreen
942 _cL
999 _c4772
_d4772